<?xml version="1.0" encoding="UTF-8"?>
<record
    xmlns:xsi="http://www.w3.org/2001/XMLSchema-instance"
    xsi:schemaLocation="http://www.loc.gov/MARC21/slim http://www.loc.gov/standards/marcxml/schema/MARC21slim.xsd"
    xmlns="http://www.loc.gov/MARC21/slim">

  <leader>03123nam a2200577Ia 4500</leader>
  <controlfield tag="001">dia_5727</controlfield>
  <controlfield tag="003">CHAP</controlfield>
  <controlfield tag="005">20240315132106.0</controlfield>
  <controlfield tag="007">ta</controlfield>
  <controlfield tag="008">220117s2009    mx ado fr     001 0 spa d</controlfield>
  <datafield tag="040" ind1=" " ind2=" ">
    <subfield code="c">CHAP</subfield>
    <subfield code="a">mxchpua</subfield>
  </datafield>
  <datafield tag="090" ind1=" " ind2=" ">
    <subfield code="a">T.C.480 </subfield>
    <subfield code="b">M67 IA </subfield>
    <subfield code="c">2009</subfield>
  </datafield>
  <datafield tag="245" ind1="1" ind2="0">
    <subfield code="a">Informe del viaje de estudios del 19 al 31 de enero : </subfield>
    <subfield code="b">estados de M&#xE9;xico, Guanajuato, Michoac&#xE1;n, Colima, Jalisco y Quer&#xE9;taro /</subfield>
    <subfield code="c">coordinador Tayde Morales Santos ; colaboradores Jonathan D&#xED;az L&#xF3;pez...[et al.]</subfield>
  </datafield>
  <datafield tag="260" ind1=" " ind2=" ">
    <subfield code="a">M&#xE9;xico :</subfield>
    <subfield code="b">El autor,</subfield>
    <subfield code="c">2009</subfield>
  </datafield>
  <datafield tag="300" ind1=" " ind2=" ">
    <subfield code="a">247 hojas :</subfield>
    <subfield code="b">ilustraciones, gr&#xE1;ficas, diagramas, tablas, fotos</subfield>
  </datafield>
  <datafield tag="336" ind1=" " ind2=" ">
    <subfield code="2">rdacontent</subfield>
    <subfield code="a">texto</subfield>
    <subfield code="b">txt</subfield>
  </datafield>
  <datafield tag="337" ind1=" " ind2=" ">
    <subfield code="2">rdamedia</subfield>
    <subfield code="a">no mediado</subfield>
    <subfield code="b">n</subfield>
  </datafield>
  <datafield tag="338" ind1=" " ind2=" ">
    <subfield code="2">rdacarrier</subfield>
    <subfield code="a">volumen</subfield>
    <subfield code="b">nc</subfield>
  </datafield>
  <datafield tag="500" ind1=" " ind2=" ">
    <subfield code="a">4&#xB0; a&#xF1;o Grupo 1 --
Incluye directorio en el reporte</subfield>
  </datafield>
  <datafield tag="502" ind1=" " ind2=" ">
    <subfield code="a">Viaje de Estudios </subfield>
    <subfield code="b">(IA) -- </subfield>
    <subfield code="c">UACh. Departamento de Ingenier&#xED;a Agroindustrial, </subfield>
    <subfield code="d">2009</subfield>
  </datafield>
  <datafield tag="505" ind1=" " ind2=" ">
    <subfield code="t">Empresas visitadas: -- 
1. Cremer&#xED;a Covadonga, S. A. de C. V. -- 
2. La Harinera, S. A. de C. V. -- 
3. BIMBO, S. A. de C. V. Planta Toluca -- 
4. Empresa Barcel, S. A. de C. V . -- 
5. Chocolatera Moctezuma, S. A. de C. V . -- 
6. Artifibras, S. A. de C. V. -- 
7. Empacadora de aguacate San Lorenzo, S. A. de C. V. -- 
8. La Estrella dulces regionales S. de R. L. -- 
9. Harinera Pirineos, S. A. de C. V . -- 
10. Forrajes El NOGAL, S. A. de C. V. -- 
11. COEPLIM-COL Consejo Estatal de Productores de Lim&#xF3;n Colima, A. C. -- 
12. Consejo Estatal de Coco de Colima COECOCO, A. C. -- 
13. Empacadora de lim&#xF3;n LITECO -- 
14. Industria Citrojugo, S. A. de C. V. -- 
15. Cocos y derivados de M&#xE9;xico, S. P. R. de R. L. -- 
16. Derivados e Industrializados de coco Las Palmas de Tecom&#xE1;n, S. P. R. de R. L. --
17. Ingenio Az&#xFA;carero Melchor Ocampo,S. A. de C. V .-- 
18. Cervecer&#xED;a Modelo de Guadalajara, S. A. de C. V. -- 
19. Tequilera La Roje&#xF1;a de casa Cuervo, S. A. de C. V . -- 
20. Uni&#xF3;n de Productores de Leche de Quer&#xE9;taro, S. A. deC. V.</subfield>
  </datafield>
  <datafield tag="650" ind1="1" ind2="3">
    <subfield code="a">Aguacate  </subfield>
    <subfield code="9">2490</subfield>
  </datafield>
  <datafield tag="650" ind1="1" ind2="3">
    <subfield code="a">Coco  </subfield>
    <subfield code="9">24234</subfield>
  </datafield>
  <datafield tag="650" ind1="1" ind2="3">
    <subfield code="a">Industria azucarera</subfield>
    <subfield code="9">57780</subfield>
  </datafield>
  <datafield tag="650" ind1="1" ind2="3">
    <subfield code="a">Industria cervecera  </subfield>
    <subfield code="9">57799</subfield>
  </datafield>
  <datafield tag="650" ind1="1" ind2="3">
    <subfield code="a">Industria lechera  </subfield>
    <subfield code="9">57819</subfield>
  </datafield>
  <datafield tag="650" ind1="1" ind2="3">
    <subfield code="a">Industria l&#xE1;ctea</subfield>
    <subfield code="9">143326</subfield>
  </datafield>
  <datafield tag="650" ind1="1" ind2="3">
    <subfield code="a">Industria molinera  </subfield>
    <subfield code="9">157045</subfield>
  </datafield>
  <datafield tag="650" ind1="1" ind2="7">
    <subfield code="a">Tequila</subfield>
    <subfield code="9">112336</subfield>
  </datafield>
  <datafield tag="650" ind1="1" ind2="3">
    <subfield code="a">Industria panadera  </subfield>
    <subfield code="9">147086</subfield>
  </datafield>
  <datafield tag="650" ind1="1" ind2="3">
    <subfield code="a">Jugos de frutas  </subfield>
    <subfield code="9">62314</subfield>
  </datafield>
  <datafield tag="650" ind1="1" ind2="3">
    <subfield code="a">Lim&#xF3;n  </subfield>
    <subfield code="9">66813</subfield>
  </datafield>
  <datafield tag="650" ind1="1" ind2="3">
    <subfield code="a">Lemons  </subfield>
    <subfield code="9">148301</subfield>
  </datafield>
  <datafield tag="650" ind1="1" ind2="3">
    <subfield code="a">Fruit juices  </subfield>
    <subfield code="9">148584</subfield>
  </datafield>
  <datafield tag="650" ind1="1" ind2="3">
    <subfield code="a">Avocados  </subfield>
    <subfield code="9">148887</subfield>
  </datafield>
  <datafield tag="650" ind1="1" ind2="3">
    <subfield code="a">Coconuts</subfield>
    <subfield code="9">152640</subfield>
  </datafield>
  <datafield tag="650" ind1="1" ind2="3">
    <subfield code="a">Dairy industry</subfield>
    <subfield code="9">147068</subfield>
  </datafield>
  <datafield tag="650" ind1="1" ind2="3">
    <subfield code="a">Bakery industry   </subfield>
    <subfield code="9">147084</subfield>
  </datafield>
  <datafield tag="650" ind1="1" ind2="3">
    <subfield code="a">Milling industry  </subfield>
    <subfield code="9">157318</subfield>
  </datafield>
  <datafield tag="650" ind1="1" ind2="3">
    <subfield code="a">Sugar industry  </subfield>
    <subfield code="9">151278</subfield>
  </datafield>
  <datafield tag="650" ind1="1" ind2="3">
    <subfield code="a">Brewing industry  </subfield>
    <subfield code="9">151423</subfield>
  </datafield>
  <datafield tag="650" ind1="1" ind2="3">
    <subfield code="a">Milk industry  </subfield>
    <subfield code="9">147869</subfield>
  </datafield>
  <datafield tag="700" ind1="1" ind2=" ">
    <subfield code="a">Morales Santos, Tayde</subfield>
    <subfield code="9">78416</subfield>
    <subfield code="e">coordinador</subfield>
  </datafield>
  <datafield tag="700" ind1="1" ind2=" ">
    <subfield code="a">D&#xED;az L&#xF3;pez, Jonathan</subfield>
    <subfield code="9">159462</subfield>
    <subfield code="e">colaborador</subfield>
  </datafield>
  <datafield tag="901" ind1=" " ind2=" ">
    <subfield code="a">T.C.480 M67 IA 2009</subfield>
  </datafield>
  <datafield tag="902" ind1=" " ind2=" ">
    <subfield code="a">M</subfield>
  </datafield>
  <datafield tag="905" ind1=" " ind2=" ">
    <subfield code="a">5232272009                          mx dbi 8223123322spa16</subfield>
  </datafield>
  <datafield tag="942" ind1=" " ind2=" ">
    <subfield code="2">local</subfield>
  </datafield>
  <datafield tag="942" ind1=" " ind2=" ">
    <subfield code="c">VE</subfield>
  </datafield>
  <datafield tag="999" ind1=" " ind2=" ">
    <subfield code="c">176747</subfield>
    <subfield code="d">176747</subfield>
  </datafield>
  <datafield tag="952" ind1=" " ind2=" ">
    <subfield code="0">0</subfield>
    <subfield code="1">0</subfield>
    <subfield code="2">local</subfield>
    <subfield code="4">0</subfield>
    <subfield code="5">1</subfield>
    <subfield code="7">0</subfield>
    <subfield code="8">VE</subfield>
    <subfield code="a">IA_</subfield>
    <subfield code="b">IA_</subfield>
    <subfield code="d">2022-01-18</subfield>
    <subfield code="e">El autor</subfield>
    <subfield code="l">0</subfield>
    <subfield code="o">T.C.480 M67 IA 2009</subfield>
    <subfield code="p">1106008690</subfield>
    <subfield code="r">2026-01-26 00:00:00</subfield>
    <subfield code="t">Ej. 1</subfield>
    <subfield code="w">2022-01-18</subfield>
    <subfield code="y">VE</subfield>
  </datafield>
</record>
